Designing of an interference aware routing metric for multi-radio wireless mesh networks (Record no. 322809)

000 -LEADER
fixed length control field 00426 a2200133 4500
001 - CONTROL NUMBER
control field 87736
082 ## - DEWEY DECIMAL CLASSIFICATION NUMBER
Classification number PR 113
090 ## - LOCALLY ASSIGNED LC-TYPE CALL NUMBER (OCLC); LOCAL CALL NUMBER (RLIN)
-- 41195
-- 41195
100 ## - MAIN ENTRY--PERSONAL NAME
Personal name Najeeb Malik, Plt Off 68(B) EC
245 ## - TITLE STATEMENT
Title Designing of an interference aware routing metric for multi-radio wireless mesh networks
260 ## - PUBLICATION, DISTRIBUTION, ETC.
Place of publication, distribution, etc. Risalpur
Name of publisher, distributor, etc. CAE, PAF academy Risalpur
Date of publication, distribution, etc. 2010
300 ## - PHYSICAL DESCRIPTION
Extent xi, 51p.
Accompanying material Asad Amir Pirzada, Wg Cdr
500 ## - GENERAL NOTE
General note BE Project Reports
942 ## - ADDED ENTRY ELEMENTS (KOHA)
Institution code [OBSOLETE] CAE NUST
Call number prefix PR 113
Holdings
Withdrawn status Lost status Damaged status Not for loan Collection code Permanent Location Current Location Date acquired Total Checkouts Full call number Barcode Date last seen Price effective from Koha item type
          College of Aeronautical Engineering (CAE) College of Aeronautical Engineering (CAE) 04/03/2017   PR 113 CAEPR-113 04/05/2017 04/05/2017 Book
© 2023 Central Library, National University of Sciences and Technology. All Rights Reserved.